000
00321nam a2200109Ia 4500
008
200302s9999 xx 000 0 und d
100
_a
Georg rafailidis and Others
245
_a
Processes of creating space an architectural design workbook
260
_b
Taylor and Francis Group Publishing
260
_c
2017
300
_a
247
999
_c
6516
_d
6516